College teams in 50 states part 1 - Statistics

General Stats
  • This quiz has been taken 511 times
  • The average score is 13 of 15
Answer Stats
Hint Answer % Correct
AR (Razorbacks) Arkansas
96%
FL (Seminoles) Florida State
95%
CA (Trojans) USC
95%
Arizona (Sun Devils) Arizona State
94%
HI (Warriors) Hawaii
93%
GA (Yellow Jackets) Georgia Tech
92%
AL (Tigers) Auburn
90%
IA (Cyclones) Iowa State
90%
CO (Rams) Colorado State
89%
IN (Boilermakers) Purdue
89%
CT (Huskies) UConn
87%
ID (Broncos) Boise State
86%
DE (Blue Hens) Delaware
85%
IL (Wildcats) Northwestern
70%
AK (Seawolves) Alaska Anchorage
28%
No matching quizzes found
Score Distribution
Percent of People with Each Score
Percentile by Number Answered
Your Score History
You have not taken this quiz